000 00351nam a22001217a 4500
008 230627b xxu||||| |||| 00| 0 eng d
082 _a338.676
_bNYA 1975
100 _cNicholas Nyangira
245 _aRelative Modernization and Public Resource Allocation in Kenya
260 _bEast African Literature Bureau
_c1975
300 _a169p
942 _2ddc
_cBK
999 _c2923
_d2923